000 00492nam a2200181Ia 4500
008 240729s9999 xx 000 0 und d
022 _a2731-9202
245 0 _anpj Sustainable Agriculture
260 _aUnited Kingdom
260 _bNature Portfolio
650 _a Agriculture (General) | Science
650 _a Biology (General)
650 _a Ecology
650 _aAgriculture
856 _uhttps://doaj.org/toc/48efe8050d534cc79e244c608e474c49
942 _2ddc
942 _cDOAJEJ
999 _c74743
_d74743
945 _a1
_bMadushi Gamage
_c1
_dMadushi Gamage